Statistiques concernant DU ROSE AU VERT

Cliquez ici pour prendre le quiz!

Statistiques générales

  • Ce quiz a été pris 182 fois
  • Le résultat moyen est 20 sur 23

Statistiques - réponses

définitionréponse% Correct
couleur et fleurrose
100%
mélange de bleu et de jaunevert
96%
salive (-1 lettre)bave
91%
courageuxbrave
91%
3ème personne singulier - présent - brimerbrime
91%
1ère personne singulier - présent - triertrie
91%
vent léger (+1 lettre)brise
90%
crie du cerfbrame
89%
fromagebrie
89%
hurle (-1 lettre)crie
89%
langage qui n'est pas en vers (+1 lettre)prose
89%
récipient contenant des fleursvase
88%
sillon de la peau qui se creuse avec l'âgeride
87%
bande de terre qui borde un lac/une rivièrerive
86%
renvoyévire
84%
partie inférieure sur laquelle une autre est poséebase
83%
qui a de la vitalitévive
83%
action de prendreprise
80%
période difficilecrise
78%
cherche à touchervise
75%
infraction grave à la loi moralecrime
74%
dépourvuvide
74%
rivière affluente de l'Aveyronvere
71%

Distribution des résultats

Percentile par nombre de réponses

% des personnes avec chaque résultat

Votre développement - résultats

Vous n’avez pas pris ce quiz